Multivariable calculus / (Record no. 1494)

MARC details
000 -LEADER
fixed length control field 00570pam a2200193 4500
001 - CONTROL NUMBER
control field 1941
005 - DATE AND TIME OF LATEST TRANSACTION
control field 20181127164245.0
008 - FIXED-LENGTH DATA ELEMENTS--GENERAL INFORMATION
fixed length control field 981104s1999 caua 001 0 eng
010 ## - LIBRARY OF CONGRESS CONTROL NUMBER
LC control number 98049807
020 ## - INTERNATIONAL STANDARD BOOK NUMBER
International Standard Book Number 0534359485
100 1# - MAIN ENTRY--PERSONAL NAME
Personal name Stewart, James,
Dates associated with a name 1941-
245 10 - TITLE STATEMENT
Title Multivariable calculus /
Statement of responsibility, etc. James Stewart.
250 ## - EDITION STATEMENT
Edition statement 4th ed.
260 ## - PUBLICATION, DISTRIBUTION, ETC.
Place of publication, distribution, etc. Pacific Grove, CA :
Name of publisher, distributor, etc. Brooks/Cole,
Date of publication, distribution, etc. c1999.
300 ## - PHYSICAL DESCRIPTION
Extent xxvi p., p. 675-1185, 45 p. :
Other physical details ill. (some col.) ;
Dimensions 26 cm.
500 ## - GENERAL NOTE
General note ""A Gary W. Ostedt book""--T.p. verso.
General note Includes index.
650 #0 - SUBJECT ADDED ENTRY--TOPICAL TERM
Topical term or geographic name entry element Calculus.
Holdings
Withdrawn status Lost status Source of classification or shelving scheme Damaged status Not for loan Collection code Home library Current library Shelving location Serial Enumeration / chronology Inventory number Total Checkouts Full call number Barcode Date last seen Price effective from Koha item type
    Dewey Decimal Classification     Main TEST RTC Library RTC Library Main opac 2935   515 STE 30003427 27/11/2018 27/11/2018 Main
Royal Thimphu College || All Right Reserved